Skoki Narciarskie - trenerzy RFN/Niemiec - Statystyki

Ogólne statystyki
  • Ten quiz został rozwiązany 35 razy
  • Średni wynik to 3 z 12
Statystyki odpowiedzi
Hint Odpowiedź % Poprawnych
2019- Stefan Horngacher
97%
2008-2019 Werner Schuster
83%
1993-2003 Reinhard Heß
40%
2003-2004 Wolfgang Steiert
23%
1958-1960 Josef Bradl
17%
2004-2008 Peter Rohwein
13%
1988-1993 Rudi Tusch
10%
1968-1975 Alois Gorjanc
7%
1960-1968 Ewald Roscher
7%
1980-1988 Ewald Roscher
7%
1975-1977 Günther Göllner
7%
1977-1980 Helmut Kurz
7%
Nie znaleziono quizów pasujących do podanych kryteriów
Rozkład punktacji
Procent ludzi z każdym wynikiem
Percentyl według liczby udzielonych odpowiedzi
Twoja historia wyników
Nie rozwiązałeś tego quizu